Numbers in Italian - Statistics

General Stats
  • This quiz has been taken 433 times
  • The average score is 22 of 40
Answer Stats
# Italian % Correct
1 Uno
99%
3 Tre
96%
2 Due
89%
6 Sei
87%
5 Cinque
85%
8 Otto
81%
4 Quattro
81%
7 Sette
80%
9 Nove
78%
10 Dieci
70%
1,000 Mille
64%
20 Venti
61%
13 Tredici
60%
11 Undici
60%
100 Cento
57%
12 Dodici
57%
30 Trenta
57%
200 Duecento
52%
300 Trecento
51%
40 Quaranta
50%
15 Quindici
50%
50 Cinquanta
48%
16 Sedici
47%
90 Novanta
46%
80 Ottanta
46%
14 Quattordici
46%
70 Settanta
46%
18 Diciotto
44%
60 Sessanta
40%
17 Diciasette
37%
2,000 Duemila
31%
5,000 Cinquemila
30%
8,000 Ottomila
30%
4,000 Quattromila
30%
6,000 Seimila
30%
7,000 Settemila
30%
3,000 Tremila
30%
9,000 Novemila
29%
19 Diciannove
28%
10,000 Diecimila
28%
No matching quizzes found
Score Distribution
Percent of People with Each Score
Percentile by Number Answered
Your Score History
You have not taken this quiz